| 000 | 01056nam a22002057a 4500 | ||
|---|---|---|---|
| 005 | 20210325205142.0 | ||
| 008 | s2550 th ||||| |||| 00| 0 tha d | ||
| 090 | _aKS101 ท163ค 2550 | ||
| 245 | 1 | 0 | _aคู่มือการแปลงทรัพย์สินทางปัญญาเป็นทุน |
| 260 | 3 |
_aกรุงเทพฯ : _bกรมทรัพย์สินทางปัญญา กระทรวงพาณิชย์, _c2550 |
|
| 300 |
_a92 หน้า : _b แผนภูมิ, ตาราง ; _c 25 ซม. |
||
| 610 | _aกรมทรัพย์สินทางปัญญา | ||
| 650 | 0 | 4 | _aการแปลงทรัพย์สินทางปัญญาเป็นทุน -- คู่มือ |
| 650 | 0 | 4 | _aทรัพย์สินทางปัญญา |
| 850 | _aNALT | ||
| 942 | _cLB | ||
| 997 |
_aบ 23448 _kVC |
||
| 997 | _c000000000062778 | ||
| 998 | _aนางสุกัญญา กัลยา | ||
| 999 |
_c62778 _d62778 |
||